| 000 | 00514nam a2200193 a 4500 | ||
|---|---|---|---|
| 005 | 20241128063804.0 | ||
| 008 | 991125s1988 mx 000 0 spa u | ||
| 020 | _a9682919789 | ||
| 035 | _aUPN01000006494 | ||
| 049 | _aI | ||
| 050 | 4 |
_aML2815 _bC35 |
|
| 245 | 0 | 0 |
_aCancionero mexicano / _cselec. Ma. Luisa Valdivia. |
| 260 |
_aMéxico : _bCONAFE : _bSEP, _c1988. |
||
| 300 | _a47 p. | ||
| 440 | 0 | _aEspiral | |
| 650 | 4 |
_aCanciones mexicanas _95805 |
|
| 700 | 1 |
_aValdivia, María Luisa, _ecomp. |
|
| 905 | _aInfantil | ||
| 999 |
_c6494 _d6494 |
||